[Event "Tenerife-chT Preferente"]
[Site "Tenerife"]
[Date "2024.11.16"]
[Round "2.2"]
[White "Martin Ortega, Oscar"]
[Black "Gonzalez Marrero, Jacob"]
[Result "1-0"]
[WhiteElo "1916"]
[BlackElo "2135"]
[PlyCount "62"]
[EventDate "2024.11.09"]
[EventType "team-tourn"]
[EventRounds "14"]
[EventCountry "ESP"]
[SourceTitle "CB14_2025"]
[SourceDate "2024.11.01"]
[SourceVersion "1"]
[SourceVersionDate "2024.11.01"]
[SourceQuality "1"]
[WhiteTeam "La Victoria 94"]
[BlackTeam "Canarias 64"]
[WhiteTeamCountry "ESP"]
[BlackTeamCountry "ESP"]

1. e4 c5 2. Nc3 e6 3. f4 a6 4. g3 Nc6 5. Bg2 d6 6. Nge2 Nf6 7. 0-0 Be7 8. h3 0-0 9. d3 Rb8 10. Be3 Qc7 11. g4 b5 12. Ng3 Nd4 13. Nce2 Nxe2+ 14. Qxe2 Bb7 15. h4 d5 16. g5 Nd7 17. Qg4 Kh8 18. Rae1 Rbe8 19. Bd2 dxe4 20. dxe4 c4 21. h5 Bc5+ 22. Kh2 Qd6 23. Rd1 f5 24. exf5 Bxg2 25. Kxg2 exf5 26. Qf3 Qe6 27. a3 h6 28. Bc3 Kg8 29. Qb7 Rd8 30. Rfe1 Be3 31. Nf1 Nc5 1-0

[Event "Tenerife-chT Preferente 1718"]
[Site "Tenerife"]
[Date "2018.01.20"]
[Round "7.1"]
[White "Gonzalez Marrero, Jacob"]
[Black "Hernandez Leon, Alberto"]
[Result "1/2-1/2"]
[WhiteElo "2187"]
[BlackElo "2248"]
[PlyCount "35"]
[EventDate "2017.11.11"]
[EventType "team-tourn"]
[EventRounds "14"]
[EventCountry "ESP"]
[SourceTitle "EXT 2019"]
[Source "ChessBase"]
[SourceDate "2018.10.10"]
[SourceVersion "1"]
[SourceVersionDate "2018.10.10"]
[SourceQuality "1"]
[WhiteTeam "Laguna Cotelec"]
[BlackTeam "Ebano Casa Venezuela"]
[WhiteTeamCountry "ESP"]
[BlackTeamCountry "ESP"]

1. d4 c5 2. d5 g6 3. e4 Bg7 4. Nc3 d6 5. Nf3 Nf6 6. Bb5+ Bd7 7. a4 0-0 8. h3 Bxb5 9. axb5 Nbd7 10. 0-0 Ne8 11. Bf4 Nc7 12. Qe2 Nb6 13. Rfd1 Qd7 14. e5 Rfe8 15. Rd2 Qf5 16. Bh2 Bh6 17. Rdd1 Bg7 18. Rd2 1/2-1/2

[Event "Tenerife-chT Preferente 1314"]
[Site "Tenerife"]
[Date "2014.02.15"]
[Round "7.2"]
[White "Gonzalez Marrero, Jacob"]
[Black "Abreu Suarez, Isauro"]
[Result "0-1"]
[WhiteElo "2215"]
[BlackElo "1996"]
[PlyCount "52"]
[EventDate "2013.12.14"]
[EventType "team-tourn"]
[EventRounds "14"]
[EventCountry "ESP"]
[SourceTitle "EXT 2015"]
[Source "ChessBase"]
[SourceDate "2014.11.20"]
[SourceVersion "1"]
[SourceVersionDate "2014.11.20"]
[SourceQuality "1"]
[WhiteTeam "Laguna Cotelec"]
[BlackTeam "Canarias 64"]
[WhiteTeamCountry "ESP"]
[BlackTeamCountry "ESP"]

1. Nf3 Nf6 2. d4 d5 3. c4 e6 4. g3 c5 5. Bg2 Nc6 6. 0-0 Be7 7. Nc3 0-0 8. cxd5 exd5 9. Be3 b6 10. Ne5 Bb7 11. Nxc6 Bxc6 12. Rc1 Rc8 13. h3 Re8 14. dxc5 bxc5 15. Na4 d4 16. Bxc6 Rxc6 17. Bg5 Ne4 18. Bxe7 Qxe7 19. Kg2 Rg6 20. Qd3 h5 21. h4 Qxh4 22. Nxc5 Nxg3 23. fxg3 Rxe2+ 24. Rf2 Rxf2+ 25. Kxf2 Qh2+ 26. Ke1 Rxg3 0-1

[Event "Tenerife-chT"]
[Site "Tenerife"]
[Date "2013.03.09"]
[Round "7.1"]
[White "Hidalgo Santana, Fernando"]
[Black "Gonzalez Marrero, Jacob"]
[Result "1-0"]
[WhiteElo "2193"]
[BlackElo "2235"]
[PlyCount "49"]
[EventDate "2013.01.19"]
[EventType "team-tourn"]
[EventRounds "14"]
[EventCountry "ESP"]
[SourceTitle "EXT 2014"]
[Source "ChessBase"]
[SourceDate "2013.11.20"]
[SourceVersion "1"]
[SourceVersionDate "2013.11.20"]
[SourceQuality "1"]
[WhiteTeam "Universidad Asados Los Guanches"]
[BlackTeam "Laguna Cotelec"]
[WhiteTeamCountry "ESP"]
[BlackTeamCountry "ESP"]

1. e4 c5 2. Nf3 e6 3. c3 d5 4. exd5 Qxd5 5. d4 Nf6 6. Be2 Nbd7 7. 0-0 a6 8. a4 b6 9. c4 Qc6 10. Nc3 Bb7 11. Re1 cxd4 12. Qxd4 Bc5 13. Qh4 Ne5 14. Be3 Bxe3 15. fxe3 0-0 16. Qf4 Nfd7 17. Red1 Rfd8 18. Rd4 f6 19. Rad1 Qc7 20. Rd6 Nxf3+ 21. gxf3 Ne5 22. Rxe6 Rxd1+ 23. Bxd1 Kf7 24. Qf5 Bc8 25. Rxf6+ 1-0

[Event "El Sauzal op 8th"]
[Site "El Sauzal"]
[Date "2007.11.04"]
[Round "7"]
[White "Gonzalez Marrero, Jacob"]
[Black "Rodriguez Cespedes, Amador"]
[Result "0-1"]
[WhiteElo "2304"]
[BlackElo "2481"]
[PlyCount "56"]
[EventDate "2007.11.03"]
[EventType "swiss (rapid)"]
[EventRounds "9"]
[EventCountry "ESP"]
[SourceTitle "CBM 121 Extra"]
[Source "ChessBase"]
[SourceDate "2008.01.10"]
[SourceVersion "1"]
[SourceVersionDate "2008.01.10"]
[SourceQuality "1"]

1. d4 Nf6 2. Nf3 e6 3. g3 b6 4. Bg2 Bb7 5. c4 Bb4+ 6. Bd2 Be7 7. Bf4 0-0 8. Nc3 c6 9. 0-0 d5 10. b3 Na6 11. Qd2 dxc4 12. bxc4 c5 13. Rac1 cxd4 14. Nxd4 Bxg2 15. Kxg2 Qc8 16. Qd3 Rd8 17. Rfd1 Qc5 18. Ne4 Nxe4 19. Qxe4 Rdc8 20. Nb5 g5 21. Bd6 Bxd6 22. Rxd6 Nb4 23. a3 Nc6 24. Rcd1 Ne5 25. R6d5 exd5 26. Qxe5 d4 27. Qxd4 Qxd4 28. Rxd4 a6 0-1

[Event "La Laguna op 1st"]
[Site "La Laguna"]
[Date "2007.03.06"]
[Round "2"]
[White "Perez Gutierrez, Nauzet"]
[Black "Gonzalez Marrero, Jacob"]
[Result "0-1"]
[WhiteElo "2020"]
[BlackElo "2306"]
[PlyCount "98"]
[EventDate "2007.03.05"]
[EventType "swiss"]
[EventRounds "9"]
[EventCountry "ESP"]
[SourceTitle "CBM 117 Extra"]
[Source "ChessBase"]
[SourceDate "2007.05.09"]
[SourceVersion "1"]
[SourceVersionDate "2007.05.09"]
[SourceQuality "1"]

1. e4 c5 2. f4 e6 3. Nf3 d5 4. Bb5+ Bd7 5. Bxd7+ Nxd7 6. d3 Bd6 7. 0-0 Ne7 8. c4 0-0 9. Nc3 d4 10. Ne2 Bc7 11. Qe1 Ng6 12. Bd2 a5 13. Qg3 f5 14. e5 Nh8 15. Qh3 Nf7 16. g4 fxg4 17. Qxg4 Ra6 18. Ng3 Nh6 19. Qg5 Qxg5 20. Nxg5 Nf5 21. Rae1 h6 22. N5e4 a4 23. Re2 Nh4 24. Kh1 Nf5 25. Kg2 Kf7 26. Nxf5 exf5 27. Ng3 g6 28. Kf3 Rb8 29. h4 h5 30. Rg1 Bd8 31. Nf1 Nf8 32. Kg3 b5 33. cxb5 Rxb5 34. Bc1 Ba5 35. Rc2 Rab6 36. Rc4 Be1+ 37. Kh3 Ne6 38. Rxa4 Rxb2 39. Ra7+ Rb7 40. Rxb7+ Rxb7 41. Rg2 Rb1 42. Rc2 Rxc1 43. Rxc1 Nxf4+ 44. Kh2 Nxd3 45. Rd1 c4 46. Ng3 Bxg3+ 47. Kxg3 c3 48. a4 c2 49. Ra1 c1Q 0-1

[Event "ESP-chT 1st div South"]
[Site "Santa Cruz de Tenerife"]
[Date "2006.08.25"]
[Round "4"]
[White "Gonzalez Marrero, Jacob"]
[Black "Matamoros Franco, Carlos S"]
[Result "0-1"]
[WhiteElo "2303"]
[BlackElo "2544"]
[PlyCount "82"]
[EventDate "2006.08.23"]
[EventType "team-tourn"]
[EventRounds "5"]
[EventCountry "ESP"]
[SourceTitle "CBM 113 Extra"]
[Source "ChessBase"]
[SourceDate "2006.09.14"]
[SourceVersion "1"]
[SourceVersionDate "2006.09.14"]
[SourceQuality "1"]

1. d4 Nf6 2. Nf3 g6 3. c4 Bg7 4. Nc3 0-0 5. e4 d6 6. Be2 e5 7. 0-0 Nc6 8. d5 Ne7 9. b4 Kh8 10. c5 Nh5 11. Re1 f5 12. cxd6 cxd6 13. Nd2 Nf6 14. a4 fxe4 15. Ndxe4 Nexd5 16. Nxd5 Nxe4 17. Bf3 Nf6 18. Bg5 Be6 19. Bxf6 Bxf6 20. Be4 Bg5 21. a5 Rc8 22. Qd3 Qd7 23. Rad1 Qf7 24. f3 Rfd8 25. g3 Bh6 26. Kg2 Rc6 27. Re2 Rdc8 28. Ra1 Rc4 29. a6 bxa6 30. Ra5 Rd4 31. Qxa6 Rf8 32. Qxd6 Rxe4 33. Qxf8+ Qxf8 34. Rxe4 Bg7 35. Rc5 Qd8 36. Nc3 h5 37. h4 Qd3 38. Kf2 Bf5 39. Re3 Qd2+ 40. Re2 Qd4+ 41. Re3 Bh6 0-1

[Event "ESP-chT 1st div South"]
[Site "Santa Cruz de Tenerife"]
[Date "2006.08.24"]
[Round "2"]
[White "Vega Gutierrez, Sabrina Neide"]
[Black "Gonzalez Marrero, Jacob"]
[Result "1/2-1/2"]
[WhiteElo "2282"]
[BlackElo "2303"]
[PlyCount "99"]
[EventDate "2006.08.23"]
[EventType "team-tourn"]
[EventRounds "5"]
[EventCountry "ESP"]
[SourceTitle "CBM 113 Extra"]
[Source "ChessBase"]
[SourceDate "2006.09.14"]
[SourceVersion "1"]
[SourceVersionDate "2006.09.14"]
[SourceQuality "1"]

1. e4 c5 2. Nf3 e6 3. d4 cxd4 4. Nxd4 a6 5. Nc3 Qc7 6. f4 Bb4 7. Bd2 Nc6 8. Nb3 Nf6 9. e5 Bxc3 10. bxc3 Ne4 11. c4 Nxd2 12. Qxd2 0-0 13. Bd3 b6 14. 0-0 Bb7 15. c5 f6 16. exf6 Rxf6 17. Qe3 b5 18. Nd2 Ne7 19. Ne4 Rg6 20. Ng3 Nf5 21. Bxf5 exf5 22. Rf2 Re6 23. Qd4 g6 24. Rd1 Bc6 25. c4 Qb7 26. h4 h5 27. Rd3 Kf7 28. Rb3 Qc7 29. Kh2 Rae8 30. Qd3 Qd8 31. Nxf5 gxf5 32. Qxf5+ Qf6 33. Qxh5+ Ke7 34. cxb5 axb5 35. Qg5 Rh8 36. Rh3 Re1 37. f5 Kf7 38. Qxf6+ Kxf6 39. g4 Rhe8 40. Rd3 R8e2 41. g5+ Kf7 42. Rxe2 Rxe2+ 43. Kg3 Rxa2 44. h5 Rg2+ 45. Kf4 Rf2+ 46. Kg4 Rg2+ 47. Kf4 Rh2 48. Kg4 Rg2+ 49. Kf4 Rf2+ 50. Kg4 1/2-1/2

[Event "Tenerife-chT"]
[Site "Tenerife"]
[Date "2005.02.19"]
[Round "5"]
[White "Gonzalez Marrero, Jacob"]
[Black "Hidalgo Santana, Fernando"]
[Result "1-0"]
[WhiteElo "2303"]
[BlackElo "2240"]
[PlyCount "75"]
[EventDate "2005.01.15"]
[EventType "team-tourn"]
[EventRounds "12"]
[EventCountry "ESP"]
[SourceTitle "EXT 2006"]
[Source "ChessBase"]
[SourceDate "2005.11.24"]
[SourceVersion "1"]
[SourceVersionDate "2005.11.24"]
[SourceQuality "1"]

1. d4 d6 2. g3 f5 3. Bg2 Nf6 4. Nh3 Nc6 5. d5 Ne5 6. Nf4 g6 7. Nc3 Bg7 8. h3 c6 9. e4 cxd5 10. exf5 Bxf5 11. Ncxd5 Nc6 12. 0-0 e5 13. Nxf6+ Qxf6 14. Nd5 Qd8 15. Be3 0-0 16. Qd2 Qd7 17. Kh2 Nd4 18. c3 Nc2 19. Rad1 Nxe3 20. Nxe3 Rfd8 21. Bd5+ Kh8 22. g4 Be6 23. Bxe6 Qxe6 24. Nd5 Rac8 25. b3 Rf8 26. Qe3 b6 27. c4 Rf7 28. f3 h5 29. Nc3 Qe7 30. Ne4 Rd8 31. Qg5 Qxg5 32. Nxg5 Rfd7 33. Rd5 hxg4 34. hxg4 Kg8 35. Rfd1 e4 36. Nxe4 Be5+ 37. Kg2 Rh7 38. Rxe5 1-0

[Event "Los Llanos U21"]
[Site "Los Llanos de Ariadne"]
[Date "2004.04.06"]
[Round "6"]
[White "Raceanu, Valentin"]
[Black "Gonzalez Marrero, Jacob"]
[Result "1-0"]
[WhiteElo "2396"]
[BlackElo "2305"]
[PlyCount "85"]
[EventDate "2004.04.03"]
[EventType "tourn"]
[EventRounds "9"]
[EventCountry "ESP"]
[EventCategory "2"]
[SourceTitle "CBM 099 Extra"]
[Source "ChessBase"]
[SourceDate "2004.05.04"]
[SourceVersion "1"]
[SourceVersionDate "2004.05.04"]
[SourceQuality "1"]

1. d4 Nf6 2. c4 e6 3. Nc3 Bb4 4. Qc2 Nc6 5. Nf3 d5 6. e3 0-0 7. a3 Bxc3+ 8. Qxc3 Ne4 9. Qc2 a5 10. b3 Bd7 11. Be2 f5 12. Bb2 Be8 13. 0-0 Rf6 14. Ne5 Rh6 15. f3 Nd6 16. Bd3 Qg5 17. Rfe1 a4 18. cxd5 exd5 19. bxa4 Qh5 20. h3 Qg5 21. Kh2 f4 22. exf4 Qxf4+ 23. g3 Qf8 24. Kg2 Nf7 25. f4 Qd6 26. h4 Ne7 27. f5 Nxe5 28. dxe5 Qc6 29. Qd2 Bf7 30. e6 Bxe6 31. fxe6 Rxe6 32. Rxe6 Qxe6 33. Qc3 Qh6 34. Qxc7 Qe3 35. Qe5 Qxe5 36. Bxe5 Nc6 37. Bd6 g6 38. Rb1 Rd8 39. Bc7 Re8 40. Rxb7 Re3 41. Bb5 Ne7 42. Bf4 Re6 43. a5 1-0

[Event "Benidorm Bali op-A"]
[Site "Benidorm"]
[Date "2003.11.22"]
[Round "2"]
[White "Gomez Benitez, David Isaac"]
[Black "Gonzalez Marrero, Jacob"]
[Result "0-1"]
[WhiteElo "2139"]
[BlackElo "2229"]
[PlyCount "130"]
[EventDate "2003.11.21"]
[EventType "swiss"]
[EventRounds "9"]
[EventCountry "ESP"]
[SourceTitle "CBM 097 Extra"]
[Source "ChessBase"]
[SourceDate "2004.01.13"]
[SourceVersion "1"]
[SourceVersionDate "2004.01.13"]
[SourceQuality "1"]

1. e4 c5 2. Nc3 e6 3. f4 Nc6 4. Nf3 a6 5. a4 d5 6. g3 dxe4 7. Nxe4 Nf6 8. d3 b6 9. Bg2 Bb7 10. 0-0 Be7 11. Qe2 0-0 12. c3 Qc7 13. Ne5 Rad8 14. Bd2 Nxe4 15. Bxe4 g6 16. Rae1 Bf6 17. g4 Bg7 18. g5 Nxe5 19. fxe5 Bc6 20. b3 Bxe4 21. Qxe4 Qd7 22. Rf3 Qd5 23. Qxd5 Rxd5 24. Bf4 Rfd8 25. Ree3 Bf8 26. c4 Rd4 27. Kf2 Be7 28. h4 h6 29. Kg3 h5 30. Kf2 b5 31. axb5 axb5 32. Re2 Rxd3 33. cxb5 Rxf3+ 34. Kxf3 Rb8 35. Re3 Rxb5 36. Rd3 Kf8 37. Ke3 Ke8 38. Kf3 Bd8 39. Ke3 Ba5 40. Ke2 Bb4 41. Bg3 Ba3 42. Bf4 Bb2 43. Kf3 Rb4 44. Bg3 Bd4 45. Be1 Rb5 46. b4 Bxe5 47. bxc5 Rxc5 48. Bd2 Rc4 49. Be1 Ke7 50. Ra3 Rf4+ 51. Ke3 Rc4 52. Kf3 Rc7 53. Ba5 Rd7 54. Rb3 f6 55. gxf6+ Kxf6 56. Be1 Rd1 57. Ke2 Rd4 58. Kf3 Kf5 59. Ra3 Bf6 60. Ra5+ e5 61. Bg3 Rd3+ 62. Kg2 Kg4 63. Bxe5 Rd2+ 64. Kf1 Bxe5 65. Rxe5 Kxh4 0-1

[Event "Benidorm Bali op-A"]
[Site "Benidorm"]
[Date "2003.11.21"]
[Round "1"]
[White "Gonzalez Marrero, Jacob"]
[Black "Rupel, David G"]
[Result "1-0"]
[WhiteElo "2229"]
[BlackElo "2106"]
[PlyCount "155"]
[EventDate "2003.11.21"]
[EventType "swiss"]
[EventRounds "9"]
[EventCountry "ESP"]
[SourceTitle "CBM 097 Extra"]
[Source "ChessBase"]
[SourceDate "2004.01.13"]
[SourceVersion "1"]
[SourceVersionDate "2004.01.13"]
[SourceQuality "1"]

1. d4 Nf6 2. Nf3 e6 3. g3 d5 4. Bg2 c6 5. c4 Nbd7 6. Qc2 Be7 7. 0-0 0-0 8. b3 Ne4 9. Bb2 f5 10. Ne5 Nd6 11. Nd3 Nf6 12. Nd2 Bd7 13. Nf3 Rc8 14. Nfe5 Be8 15. c5 Nf7 16. b4 Nxe5 17. dxe5 Nd7 18. f3 Rf7 19. e4 fxe4 20. fxe4 Bg5 21. Rxf7 Bxf7 22. exd5 cxd5 23. Bh3 Nb6 24. Re1 Nc4 25. Bd4 Nd2 26. Bg2 Bg6 27. Re2 Ne4 28. Qb3 Qe7 29. Nf2 Nd2 30. Qc3 Nc4 31. Ne4 Bxe4 32. Bxe4 Bd2 33. Qb3 Qg5 34. Bd3 b5 35. Qc2 Bxb4 36. Bxh7+ Kh8 37. Rf2 Bd2 38. Bd3 Be3 39. Bxe3 Qxe3 40. Qd1 Kg8 41. Qg4 Qe1+ 42. Rf1 Qe3+ 43. Kh1 Qh6 44. Bg6 Rc6 45. Bf7+ Kh8 46. Be8 Ne3 47. Rf8+ Kh7 48. Qe2 Rxc5 49. Qd3+ Nf5 50. Rxf5 exf5 51. Qxf5+ g6 52. Qd7+ Qg7 53. e6 Rc7 54. Qxd5 Qb2 55. Bxg6+ Kg7 56. Bh5 Rc1+ 57. Bd1 Qa1 58. Qg5+ Kh7 59. Qh5+ Kg8 60. Qf7+ Kh8 61. e7 Rxd1+ 62. Kg2 Rg1+ 63. Kh3 Re1 64. e8Q+ Rxe8 65. Qxe8+ Kg7 66. Qe7+ Kg6 67. Qe6+ Kg5 68. Qe2 a6 69. Kg2 Qd4 70. h4+ Kf5 71. Qf2+ Ke5 72. Qxd4+ Kxd4 73. h5 Ke5 74. h6 Kf6 75. g4 b4 76. Kf3 a5 77. Ke4 a4 78. Kd3 1-0

[Event "El Sauzal op 4th"]
[Site "El Sauzal"]
[Date "2003.11.02"]
[Round "9.17"]
[White "Medina Plasencia, Santiago"]
[Black "Gonzalez Marrero, Jacob"]
[Result "0-1"]
[WhiteElo "2207"]
[BlackElo "2217"]
[PlyCount "57"]
[EventDate "2003.11.??"]
[EventType "swiss (rapid)"]
[EventRounds "9"]
[EventCountry "ESP"]
[SourceTitle "CBM 097 Extra"]
[Source "ChessBase"]
[SourceDate "2004.01.13"]
[SourceVersion "1"]
[SourceVersionDate "2004.01.13"]
[SourceQuality "1"]

1. e4 c5 2. c3 d5 3. exd5 Qxd5 4. d4 e6 5. Nf3 Nf6 6. Be2 cxd4 7. Qxd4 Nc6 8. Qxd5 Nxd5 9. 0-0 Be7 10. Nbd2 0-0 11. Nb3 e5 12. Re1 f6 13. Bc4 Be6 14. Be3 Rac8 15. Nc5 Bxc5 16. Bxc5 Rfd8 17. Be3 Kf7 18. Rad1 Rd7 19. Rd2 Rcd8 20. Red1 a6 21. Bxd5 Rxd5 22. b3 b5 23. Kf1 Ne7 24. Bc5 Rxd2 25. Rxd2 Rxd2 26. Nxd2 Nd5 27. c4 Nc3 28. cxb5 axb5 29. b4 0-1